[Event "Brandenburg-ch Seniors 18th"]
[Site "Rowy"]
[Date "2009.06.28"]
[Round "7"]
[White "Scheide, Helmut"]
[Black "Jonczyk, Jan"]
[Result "1/2-1/2"]
[WhiteElo "1810"]
[BlackElo "1688"]
[PlyCount "32"]
[EventDate "2009.06.22"]
[EventType "swiss"]
[EventRounds "9"]
[EventCountry "POL"]
[SourceTitle "EXT 2022"]
[Source "ChessBase"]
[SourceDate "2021.10.06"]
[SourceVersion "1"]
[SourceVersionDate "2021.10.06"]
[SourceQuality "1"]

1. d4 c6 2. e3 d5 3. Bd3 Nf6 4. Nd2 Bg4 5. f3 Bh5 6. Ne2 Bg6 7. e4 dxe4 8. fxe4 e6 9. 0-0 Nbd7 10. c3 Be7 11. Qc2 e5 12. Nf3 Qc7 13. a4 0-0 14. Bd2 Rac8 15. b4 Bh5 16. Nxe5 Bxe2 1/2-1/2

[Event "Brandenburg-ch Seniors 18th"]
[Site "Rowy"]
[Date "2009.06.27"]
[Round "6"]
[White "Jonczyk, Jan"]
[Black "Petrykowski, Reinhardt"]
[Result "1/2-1/2"]
[WhiteElo "1688"]
[BlackElo "1696"]
[PlyCount "48"]
[EventDate "2009.06.22"]
[EventType "swiss"]
[EventRounds "9"]
[EventCountry "POL"]
[SourceTitle "EXT 2022"]
[Source "ChessBase"]
[SourceDate "2021.10.06"]
[SourceVersion "1"]
[SourceVersionDate "2021.10.06"]
[SourceQuality "1"]

1. d4 d5 2. c4 e6 3. Nc3 Nf6 4. Bg5 Be7 5. e3 Nbd7 6. Nf3 b6 7. Bxf6 Nxf6 8. cxd5 exd5 9. Ne5 0-0 10. Bd3 Bb7 11. 0-0 c5 12. Re1 Re8 13. Ne2 a6 14. Bb1 Bd6 15. Qd3 g6 16. Nf3 Qe7 17. Qb3 b5 18. dxc5 Bxc5 19. Ned4 Ne4 20. Bxe4 dxe4 21. Nd2 Qe5 22. Ne2 Bd6 23. g3 Bd5 24. Qd1 Bb7 1/2-1/2

[Event "Brandenburg-ch Seniors 18th"]
[Site "Rowy"]
[Date "2009.06.26"]
[Round "5"]
[White "Jonczyk, Jan"]
[Black "Peter, Volkhard"]
[Result "1/2-1/2"]
[WhiteElo "1688"]
[BlackElo "1648"]
[PlyCount "40"]
[EventDate "2009.06.22"]
[EventType "swiss"]
[EventRounds "9"]
[EventCountry "POL"]
[SourceTitle "EXT 2022"]
[Source "ChessBase"]
[SourceDate "2021.10.06"]
[SourceVersion "1"]
[SourceVersionDate "2021.10.06"]
[SourceQuality "1"]

1. d4 d5 2. c4 e5 3. dxe5 d4 4. e4 Nc6 5. f4 Nge7 6. Nf3 Bg4 7. Be2 Bxf3 8. Bxf3 Ng6 9. 0-0 Bc5 10. Kh1 Qe7 11. a3 a5 12. Qb3 Rb8 13. Nd2 0-0 14. Be2 Rfd8 15. Nf3 Qd7 16. Qd3 Ra8 17. Bd2 Be7 18. Be1 Nxf4 19. Qd2 Nxe2 20. Qxe2 d3 1/2-1/2

[Event "Brandenburg-ch Seniors 18th"]
[Site "Rowy"]
[Date "2009.06.24"]
[Round "3"]
[White "Jonczyk, Jan"]
[Black "Goroll, Hans Juergen"]
[Result "1/2-1/2"]
[WhiteElo "1688"]
[BlackElo "1553"]
[PlyCount "62"]
[EventDate "2009.06.22"]
[EventType "swiss"]
[EventRounds "9"]
[EventCountry "POL"]
[SourceTitle "EXT 2022"]
[Source "ChessBase"]
[SourceDate "2021.10.06"]
[SourceVersion "1"]
[SourceVersionDate "2021.10.06"]
[SourceQuality "1"]

1. d4 f6 2. e4 g6 3. Be3 Nh6 4. h4 Nf7 5. h5 g5 6. Bc4 h6 7. Nc3 Bg7 8. Nge2 e6 9. Qd2 Nc6 10. 0-0-0 Nd6 11. Bd3 Nb4 12. Ng3 Nxd3+ 13. Qxd3 0-0 14. d5 e5 15. Bc5 Rf7 16. Bxd6 cxd6 17. Nf5 Bf8 18. Nb5 Qb6 19. Nbxd6 Bxd6 20. Nxh6+ Kg7 21. Nxf7 Kxf7 22. h6 Qd8 23. h7 Qh8 24. Qf3 b6 25. Qf5 Ke7 26. Rh6 Ba6 27. Rdh1 Rf8 28. Rg6 Kd8 29. Rhh6 Kc7 30. Rxf6 Qg7 31. Rhg6 Qh8 1/2-1/2

[Event "Brandenburg-ch Seniors 17th"]
[Site "Rowy"]
[Date "2008.06.28"]
[Round "5"]
[White "Jonczyk, Jan"]
[Black "Anlauf, Wolfgang"]
[Result "1/2-1/2"]
[WhiteElo "1573"]
[BlackElo "1577"]
[PlyCount "47"]
[EventDate "2008.06.23"]
[EventType "swiss"]
[EventRounds "9"]
[EventCountry "POL"]
[SourceTitle "EXT 2022"]
[Source "ChessBase"]
[SourceDate "2021.10.06"]
[SourceVersion "1"]
[SourceVersionDate "2021.10.06"]
[SourceQuality "1"]

1. d4 Nf6 2. Bf4 g6 3. Nf3 Bg7 4. Nc3 d5 5. Qd2 Bf5 6. Bh6 0-0 7. Bxg7 Kxg7 8. h3 Nc6 9. g4 Be4 10. a3 e5 11. dxe5 Nxe5 12. Bg2 c5 13. 0-0 Nc4 14. Qc1 Qc7 15. b3 Nd6 16. Qb2 d4 17. Nxe4 Ndxe4 18. Rad1 Nc3 19. Rde1 Rad8 20. e3 Rd6 21. exd4 cxd4 22. Ne5 Re6 23. Nd3 Rxe1 24. Rxe1 1/2-1/2

[Event "POL-ch Seniors 18th"]
[Site "Rowy"]
[Date "2007.09.09"]
[Round "1.12"]
[White "Jonczyk, Jan"]
[Black "Sidlo, Andrzej"]
[Result "0-1"]
[WhiteElo "1763"]
[BlackElo "2038"]
[PlyCount "60"]
[EventDate "2007.09.09"]
[EventType "swiss"]
[EventRounds "9"]
[EventCountry "POL"]
[SourceTitle "EXT 2023"]
[Source "ChessBase"]
[SourceDate "2022.10.05"]
[SourceVersion "1"]
[SourceVersionDate "2022.10.05"]
[SourceQuality "1"]

1. d4 d5 2. c4 c6 3. Nc3 Nf6 4. Bg5 e6 5. e3 Be7 6. Nf3 0-0 7. Bd3 Nbd7 8. 0-0 h6 9. Bxf6 Bxf6 10. Rc1 Re8 11. b3 Nf8 12. e4 dxe4 13. Nxe4 Bxd4 14. Bb1 Bb6 15. Qc2 Qe7 16. Rcd1 Rd8 17. Rxd8 Qxd8 18. Rd1 Qe7 19. Qd3 Bc7 20. c5 Rb8 21. Nfd2 e5 22. Nc4 Bf5 23. Qf3 Bxe4 24. Bxe4 Qxc5 25. g3 b5 26. Ne3 Rd8 27. Rf1 g6 28. b4 Qd6 29. Rc1 Bb6 30. Rxc6 Qd4 0-1

[Event "Brandenburg Seniors op 16th"]
[Site "Rowy"]
[Date "2007.06.27"]
[Round "9"]
[White "Breitling, Winfried"]
[Black "Jonczyk, Jan"]
[Result "1-0"]
[WhiteElo "1779"]
[BlackElo "1765"]
[PlyCount "67"]
[EventDate "2007.06.18"]
[EventType "swiss"]
[EventRounds "9"]
[EventCountry "POL"]
[SourceTitle "EXT 2011"]
[Source "ChessBase"]
[SourceDate "2010.11.26"]
[SourceVersion "1"]
[SourceVersionDate "2010.11.26"]
[SourceQuality "1"]

1. e4 c6 2. d4 d5 3. e5 Bf5 4. a3 e6 5. f4 c5 6. Bb5+ Nc6 7. Nf3 cxd4 8. Nxd4 Nge7 9. 0-0 a6 10. Ba4 b5 11. Nxf5 Nxf5 12. Bb3 Bc5+ 13. Kh1 0-0 14. Qd3 Rc8 15. c3 Na5 16. Bc2 Nc6 17. g4 Nce7 18. gxf5 Nxf5 19. Qh3 g6 20. Nd2 Ne3 21. Bd3 Nxf1 22. Bxf1 d4 23. Nf3 Be7 24. Nxd4 Bc5 25. Be3 Qb6 26. Bg2 a5 27. Qf3 b4 28. Qb7 bxc3 29. bxc3 Qd8 30. Qb3 Rb8 31. Qc2 Qb6 32. Be4 Rfc8 33. h4 h5 34. Qd3 1-0

[Event "Brandenburg Seniors op 16th"]
[Site "Rowy"]
[Date "2007.06.22"]
[Round "4"]
[White "Jonczyk, Jan"]
[Black "Modrow, Reinert"]
[Result "1/2-1/2"]
[WhiteElo "1765"]
[BlackElo "1461"]
[PlyCount "49"]
[EventDate "2007.06.18"]
[EventType "swiss"]
[EventRounds "9"]
[EventCountry "POL"]
[SourceTitle "EXT 2011"]
[Source "ChessBase"]
[SourceDate "2010.11.26"]
[SourceVersion "1"]
[SourceVersionDate "2010.11.26"]
[SourceQuality "1"]

1. d4 d5 2. c4 e6 3. Nc3 Nf6 4. Bg5 Be7 5. e3 Nbd7 6. Nf3 0-0 7. Bd3 Re8 8. 0-0 dxc4 9. Bxc4 a6 10. Rc1 c5 11. Bd3 cxd4 12. Nxd4 Nf8 13. Bb1 Nd5 14. Bxe7 Qxe7 15. Qc2 Bd7 16. Nxd5 exd5 17. Qc7 Qb4 18. Qc3 Qxc3 19. Rxc3 Rac8 20. Rfc1 Rxc3 21. Rxc3 Rc8 22. Kf1 Rxc3 23. bxc3 Ne6 24. Ke2 h6 25. Bc2 1/2-1/2

[Event "POL-ch disabled"]
[Site "Chotowa"]
[Date "2007.05.31"]
[Round "9.21"]
[White "Wroblewski, Mieczyslaw"]
[Black "Jonczyk, Jan"]
[Result "0-1"]
[WhiteElo "1835"]
[BlackElo "1765"]
[PlyCount "69"]
[EventDate "2007.05.26"]
[EventType "swiss"]
[EventRounds "9"]
[EventCountry "POL"]
[SourceTitle "EXT 2023"]
[Source "ChessBase"]
[SourceDate "2022.10.05"]
[SourceVersion "1"]
[SourceVersionDate "2022.10.05"]
[SourceQuality "1"]

1. e4 e5 2. Nf3 Nc6 3. Bb5 Nd4 4. Nxd4 exd4 5. c3 Bc5 6. 0-0 Ne7 7. b4 Bb6 8. Bb2 dxc3 9. dxc3 Ng6 10. c4 c6 11. Ba4 0-0 12. Bb3 d6 13. Nc3 Bc7 14. Qd2 Qh4 15. Ne2 Kh8 16. Qc3 f6 17. Qf3 Bg4 18. Qe3 d5 19. Ng3 Bf4 20. Qe1 dxe4 21. f3 exf3 22. gxf3 Rae8 23. Qc3 Bh3 24. Rf2 Re3 25. Qc2 Bxg3 26. hxg3 Qxg3+ 27. Kh1 Rfe8 28. Bc3 Nf4 29. c5 Bg2+ 30. Rxg2 Qxf3 31. Rag1 Rxc3 32. Qd2 Rd3 33. Qf2 Nxg2 34. Qxf3 Rxf3 35. Rxg2 0-1

[Event "POL-ch disabled"]
[Site "Chotowa"]
[Date "2007.05.30"]
[Round "8.21"]
[White "Jonczyk, Jan"]
[Black "Szczerbak, Stefan"]
[Result "1/2-1/2"]
[WhiteElo "1765"]
[BlackElo "717"]
[PlyCount "26"]
[EventDate "2007.05.26"]
[EventType "swiss"]
[EventRounds "9"]
[EventCountry "POL"]
[SourceTitle "EXT 2023"]
[Source "ChessBase"]
[SourceDate "2022.10.05"]
[SourceVersion "1"]
[SourceVersionDate "2022.10.05"]
[SourceQuality "1"]

1. d4 Nf6 2. c4 e6 3. Nf3 Be7 4. Nc3 c6 5. e3 d5 6. Bd3 Nbd7 7. 0-0 0-0 8. b3 Qc7 9. Bb2 b6 10. Rc1 Bb7 11. Bb1 Rfe8 12. Qc2 Nf8 13. e4 N6d7 1/2-1/2

[Event "POL-ch disabled"]
[Site "Chotowa"]
[Date "2007.05.28"]
[Round "3.24"]
[White "Jonczyk, Jan"]
[Black "Kocon, Wiktor"]
[Result "0-1"]
[WhiteElo "1765"]
[BlackElo "2716"]
[PlyCount "57"]
[EventDate "2007.05.26"]
[EventType "swiss"]
[EventRounds "9"]
[EventCountry "POL"]
[SourceTitle "EXT 2023"]
[Source "ChessBase"]
[SourceDate "2022.10.05"]
[SourceVersion "1"]
[SourceVersionDate "2022.10.05"]
[SourceQuality "1"]

1. d4 Nf6 2. c4 e5 3. d5 Bc5 4. e3 d6 5. Be2 c6 6. Nc3 Bb4 7. Bd2 0-0 8. a3 Bxc3 9. Bxc3 cxd5 10. cxd5 Nbd7 11. b4 Nb6 12. Bf3 Bf5 13. h3 e4 14. Bxf6 Qxf6 15. Be2 Qc3+ 16. Kf1 Rac8 17. g4 Bg6 18. Kg2 Nxd5 19. Bf1 Qe5 20. Ne2 Nc3 21. Qe1 Nxe2 22. Bxe2 f5 23. Qd2 fxg4 24. Bxg4 Rc7 25. Rhd1 Rf6 26. Rac1 Rxc1 27. Rxc1 h5 28. Be2 Qg5+ 29. Kh1 0-1

[Event "Brandenburg Seniors op 15th"]
[Site "Rowy"]
[Date "2006.06.20"]
[Round "2"]
[White "Jonczyk, Jan"]
[Black "Hoppe, Rainer"]
[Result "0-1"]
[WhiteElo "1349"]
[BlackElo "1827"]
[PlyCount "76"]
[EventDate "2006.06.19"]
[EventType "swiss"]
[EventRounds "9"]
[EventCountry "POL"]
[SourceTitle "EXT 2007"]
[Source "ChessBase"]
[SourceDate "2006.11.23"]
[SourceVersion "1"]
[SourceVersionDate "2006.11.23"]
[SourceQuality "1"]

1. d4 d5 2. c4 e6 3. Nc3 c6 4. Nf3 dxc4 5. a4 Bb4 6. e3 b5 7. axb5 cxb5 8. Ne5 Bb7 9. Bd2 Bxc3 10. Bxc3 Nf6 11. b3 Nd5 12. Qc2 b4 13. Bd2 c3 14. Bb5+ Ke7 15. Bc1 f6 16. Nd3 Kf7 17. 0-0 a5 18. Nc5 Bc6 19. Bd3 g6 20. e4 Ne7 21. Be3 Nd7 22. Nxd7 Qxd7 23. f4 Bb5 24. f5 exf5 25. exf5 Bxd3 26. Qxd3 Nxf5 27. Qc4+ Kg7 28. Bf2 Rhc8 29. Qd3 Qd5 30. g4 Nd6 31. Rae1 Re8 32. Bh4 g5 33. Bg3 Ne4 34. Qf3 Qxd4+ 35. Bf2 Nxf2 36. Rxe8 Rxe8 37. Rxf2 Re4 38. h3 Rf4 0-1

[Event "Rowy Seniors op 7th"]
[Site "Rowy"]
[Date "2003.09.08"]
[Round "9"]
[White "Grabarczyk, Edmund"]
[Black "Jonczyk, Jan"]
[Result "1-0"]
[WhiteElo "1800"]
[BlackElo "2000"]
[PlyCount "30"]
[EventDate "2003.08.??"]
[EventType "swiss"]
[EventRounds "9"]
[EventCountry "POL"]
[SourceTitle "EXT 2006"]
[Source "ChessBase"]
[SourceDate "2005.11.24"]
[SourceVersion "1"]
[SourceVersionDate "2005.11.24"]
[SourceQuality "1"]

1. d4 g6 2. c4 Bg7 3. e4 d6 4. Nf3 Bg4 5. Nc3 Nf6 6. Be2 0-0 7. Qb3 Qc8 8. h3 Bxf3 9. Bxf3 c6 10. Bg5 h6 11. Be3 Nbd7 12. g4 e5 13. d5 c5 14. h4 Nb6 15. a4 Nxg4 1-0

[Event "Rowy Seniors op 7th"]
[Site "Rowy"]
[Date "2003.08.31"]
[Round "1"]
[White "Kuznetsov, Fiodor"]
[Black "Jonczyk, Jan"]
[Result "1-0"]
[WhiteElo "2135"]
[BlackElo "2000"]
[PlyCount "47"]
[EventDate "2003.08.??"]
[EventType "swiss"]
[EventRounds "9"]
[EventCountry "POL"]
[SourceTitle "EXT 2006"]
[Source "ChessBase"]
[SourceDate "2005.11.24"]
[SourceVersion "1"]
[SourceVersionDate "2005.11.24"]
[SourceQuality "1"]

1. e4 g6 2. d4 Bg7 3. Nc3 d6 4. Be3 Nf6 5. Nf3 Bg4 6. h3 Bxf3 7. Qxf3 c6 8. 0-0-0 Nbd7 9. e5 Ng8 10. exd6 exd6 11. Bf4 Bh6 12. Bxh6 Nxh6 13. Qe3+ Qe7 14. Qxh6 0-0-0 15. d5 Ne5 16. dxc6 bxc6 17. Ba6+ Kc7 18. Qe3 Kb8 19. f4 Qc7 20. fxe5 dxe5 21. Rxd8+ Rxd8 22. Rd1 Re8 23. Qd3 Ka8 24. Qd7 1-0